Представление документа в формате RUSMARC

Поле Инд. ПП Название Значение
Тип записи a
Библиографический уровень a
001 Контрольный номер f076f6a4a6ed4778a5a992d4f9562114
005 Дата корректировки 20181126125622.8
100 a Данные общей обработки 20180921 ||| 0rusy0189 ca
101 0_ a Язык текста rus
102 a Страна публикации RU
200 1_ f Первые сведения об ответственности С.Ф. Афанасьев, Н.А. Жирнова
a Заглавие Информационно-правовая составляющая СМС-извещения участников гражданского судопроизводства
b Общее обозначение материала Текст
210 1_ d Дата издания 2018
461 _0 1 2000
a Администратор суда
463 _0 1 2000
a № 3
v С. 3-6
1 2101
d 2018
1 001bdb0d0cd4b5e4347a72c170be56429d7
606 a Основная рубрика Информационное право
610 0_ a Ключевые слова СУДОПРОИЗВОДСТВО
a Ключевые слова ИНФОРМАЦИЯ
a Ключевые слова СУДЕБНОЕ ИЗВЕЩЕНИЕ
700 _1 a Фамилия Афанасьев
b Имя С.Ф.
701 _1 a Фамилия Жирнова
b Имя Н.А.
801 _0 a Страна RU
b Организация РГУП
c Дата составления 20180921
g Правила каталогизации PSBO
801 _1 a Страна RU
b Организация РГУП
c Дата составления 20180921
g Правила каталогизации PSBO
901 t Тип документа b
w Контрольный № источника bdb0d0cd4b5e4347a72c170be56429d7
905 a Дата ввода 20180921